Family dynamics
| Main Author: | |
|---|---|
| Format: | Book |
| Published: |
India :
RBSA publishers ,
2006
|
| Subjects: |
MARC
| LEADER | 00000cam a2200000 7i4500 | ||
|---|---|---|---|
| 001 | 0000019158 | ||
| 005 | 20080613.0 | ||
| 008 | 080613 | ||
| 020 | |a 8176113204 | ||
| 090 | 0 | 0 | |a 306.85 |b TAN |
| 100 | 1 | |a Tandon, Ruchi | |
| 245 | 1 | 0 | |a Family dynamics |c Ruchi Tandon |
| 260 | |a India : |b RBSA publishers , |c 2006 | ||
| 650 | 0 | |a Family | |
| 650 | 0 | |a Family |x Social science | |
| 999 | |a 0001022981 |b Book |c Adult Collection |e Cawangan Urban Transformation Centre | ||
| 999 | |a 0001022982 |b Book |c REFERENCE |e Perbadanan Perpustakaan Awam Johor | ||